| 000 | 01099nam a22003617a 4500 | ||
|---|---|---|---|
| 001 | 0032434 | ||
| 003 | KOHA_MİRAKIL | ||
| 005 | 20260207002824.0 | ||
| 007 | ta | ||
| 008 | 110823b2011 tu |||gr||||#0|||0|tur | | ||
| 020 |
_a9786054205240 _cTL26,93 |
||
| 040 |
_aTR-BiSEU _btur _cTR-BiSEU _erda |
||
| 041 | 0 | _atur | |
| 044 | _ctu | ||
| 050 |
_aTK5105.8885 _b.S26 2011 |
||
| 100 | 1 | _aŞamlı, Mehmet. | |
| 245 | 1 |
_aHer yönüyle PHP 6/ _cMehmet Şamlı ; Mehmet Şamlı. |
|
| 264 | 1 |
_aİstanbul : _bKodlab _c2011 |
|
| 300 |
_a368 s. ; _c21 cm. |
||
| 336 |
_ametin _btxt _2rdacontent |
||
| 337 |
_aaracısız _bn _2rdamedia |
||
| 338 |
_acilt _bnc _2rdacarrier |
||
| 490 | 1 |
_aKodlab Yayınları ; _vNo.24. |
|
| 650 | 0 |
_aWeb sites--Tasarım. _91523 |
|
| 650 | 0 |
_aWeb sitesi geliştirme. _91524 |
|
| 650 | 0 |
_aWeb siteleri--Yazılım programları. _91525 |
|
| 650 | 0 |
_aWeb sites--Design. _91526 |
|
| 650 | 0 |
_aWeb sites development. _91527 |
|
| 650 | 0 |
_aWeb sites--Authoring programs. _91528 |
|
| 830 | 1 |
_aKodlab Yayınları ; _vNo.24. _963236 |
|
| 907 | _aBilgisayar | ||
| 942 |
_2lcc _cBK |
||
| 999 |
_c32345 _d32345 |
||